A fogászati turizmus hatása az egészségügyi infrastruktúrára Magyarországon
| Main Author: | |
|---|---|
| Other Authors: | |
| Format: | Thesis |
| Kulcsszavak: | egészségturisztika fogászati ellátás fogászati turizmus külföldi páciensek Magyarország |
| Online Access: | http://dolgozattar.uni-bge.hu/60082 |
MARC
| LEADER | 00000nta a2200000 i 4500 | ||
|---|---|---|---|
| 001 | dolg60082 | ||
| 005 | 20260409145950.0 | ||
| 008 | 260409suuuu hu om 000 hun d | ||
| 040 | |a BGE Dolgozattár Repozitórium |b hun | ||
| 041 | |a hu | ||
| 100 | 1 | |a Bangó Violetta | |
| 245 | 1 | 2 | |a A fogászati turizmus hatása az egészségügyi infrastruktúrára Magyarországon |c Bangó Violetta |h [elektronikus dokumentum] |
| 520 | 3 | |a Szakdolgozatom a fogászati turizmus egészségügyi infrastruktúrára gyakorolt hatását vizsgálja Magyarországon. Hazánk az elmúlt években vezető országgá vált a fogászati turizmusban. Ennek oka a magas színvonal és a megfelelő ár-érték arány. Kutatásom során kérdőívet, valamint mélyinterjúkat is készítettem fogászati szakemberekkel, valamint a fogászati turizmusban érdekelt személyekkel. A dolgozatomban elemzem a fogászati turizmus hatásait, hogyan befolyásolja a magyarországi rendelők mindennapjait. Emellett rávilágít, hogy milyen kihívásokat és lehetőségeket tartogat még a turizmus ezen ága a hazai egészségügyi rendszerre. | |
| 695 | |a egészségturisztika | ||
| 695 | |a fogászati ellátás | ||
| 695 | |a fogászati turizmus | ||
| 695 | |a külföldi páciensek | ||
| 695 | |a Magyarország | ||
| 700 | 1 | |a Fábián Tamás Zoltán |e ths | |
| 856 | 4 | 0 | |u http://dolgozattar.uni-bge.hu/60082/1/Bang%C3%B3%20Violetta-A%20fog%C3%A1szati%20turizmus%20hat%C3%A1sa%20az%20eg%C3%A9szs%C3%A9g%C3%BCgyi%20infrastrukt%C3%BAr%C3%A1ra%20Magyarorsz%C3%A1gon.pdf |z Dokumentum-elérés |
| 856 | 4 | 0 | |u http://dolgozattar.uni-bge.hu/60082/2/Bang%C3%B3%20Violetta_BA_magyar_F%C3%A1bi%C3%A1n%20Tam%C3%A1s_konzulensi.pdf |z Dokumentum-elérés |
| 856 | 4 | 0 | |u http://dolgozattar.uni-bge.hu/60082/3/Bango%20Violetta_opponensi%20biralat_Dabronaki-Priszinger%20K.pdf |z Dokumentum-elérés |